[Event "Brasschaat op 01st"]
[Site "Brasschaat"]
[Date "2001.08.25"]
[Round "7"]
[White "Maas, Eddy"]
[Black "Cox, Nico"]
[Result "1-0"]
[WhiteElo "1630"]
[BlackElo "1604"]
[PlyCount "59"]
[EventDate "2001.08.19"]
[EventType "swiss"]
[EventRounds "7"]
[EventCountry "BEL"]
[SourceTitle "EXT 2017"]
[Source "ChessBase"]
[SourceDate "2016.10.25"]
[SourceVersion "1"]
[SourceVersionDate "2016.10.25"]
[SourceQuality "1"]

1. e4 e5 2. Nf3 Nc6 3. Bb5 a6 4. Ba4 Nf6 5. 0-0 Be7 6. Re1 b5 7. Bb3 d6 8. c3 0-0 9. h3 Na5 10. Bc2 c5 11. d4 Qc7 12. Bg5 h6 13. Bh4 Re8 14. Nbd2 Nh7 15. Nf1 Bxh4 16. Nxh4 c4 17. Ng3 Nc6 18. Re3 exd4 19. cxd4 d5 20. e5 Be6 21. Nhf5 Qd8 22. Nd6 Rf8 23. Ngf5 Ne7 24. Rg3 Nxf5 25. Bxf5 Kh8 26. Qg4 Qg5 27. Qf3 Qe7 28. Qf4 Rg8 29. Bxe6 Ng5 30. Bxd5 1-0

[Event "Brasschaat op 01st"]
[Site "Brasschaat"]
[Date "2001.08.21"]
[Round "3"]
[White "Cox, Nico"]
[Black "Jacobs, Paul"]
[Result "0-1"]
[WhiteElo "1604"]
[BlackElo "1692"]
[PlyCount "98"]
[EventDate "2001.08.19"]
[EventType "swiss"]
[EventRounds "7"]
[EventCountry "BEL"]
[SourceTitle "EXT 2017"]
[Source "ChessBase"]
[SourceDate "2016.10.25"]
[SourceVersion "1"]
[SourceVersionDate "2016.10.25"]
[SourceQuality "1"]

1. e4 c5 2. Nf3 Nc6 3. d4 cxd4 4. Nxd4 d6 5. Nc3 a6 6. Be2 e5 7. Nb3 Nf6 8. Bg5 Be7 9. 0-0 0-0 10. Kh1 Be6 11. f4 exf4 12. Bxf4 Ne5 13. Bxe5 dxe5 14. Qxd8 Rfxd8 15. Rad1 Bg4 16. Bf3 Bb4 17. Rd3 Rac8 18. Rfd1 Rxd3 19. cxd3 Bxc3 20. Bxg4 Nxg4 21. Rc1 Nf2+ 22. Kg1 Nxd3 23. Rxc3 Rd8 24. Na5 Nxb2 25. Nxb7 Rd1+ 26. Kf2 h6 27. Ke2 Rd7 28. Nc5 Rd4 29. Kf3 Na4 30. Rc2 Nxc5 31. Rxc5 Rd3+ 32. Ke2 Ra3 33. Rc2 g5 34. g4 Kg7 35. Kf2 Kg6 36. Kg2 f6 37. Re2 a5 38. Kf2 a4 39. Kg2 Rc3 40. Kf2 h5 41. Re3 Rc2+ 42. Re2 Rxe2+ 43. Kxe2 hxg4 44. a3 Kh5 45. Kf2 Kg6 46. Ke2 f5 47. Ke3 f4+ 48. Kf2 Kh5 49. Kg2 Kh4 0-1

[Event "Brasschaat op 01st"]
[Site "Brasschaat"]
[Date "2001.08.20"]
[Round "2"]
[White "De Cap, Jan"]
[Black "Cox, Nico"]
[Result "0-1"]
[WhiteElo "1282"]
[BlackElo "1604"]
[PlyCount "84"]
[EventDate "2001.08.19"]
[EventType "swiss"]
[EventRounds "7"]
[EventCountry "BEL"]
[SourceTitle "EXT 2017"]
[Source "ChessBase"]
[SourceDate "2016.10.25"]
[SourceVersion "1"]
[SourceVersionDate "2016.10.25"]
[SourceQuality "1"]

1. d4 Nf6 2. c4 g6 3. Bf4 Bg7 4. Qc2 d5 5. Nd2 0-0 6. Ngf3 Bf5 7. Qb3 dxc4 8. Qxb7 Nbd7 9. Bxc7 Qc8 10. Qc6 Nb6 11. Nxc4 Be4 12. Qc5 Nfd7 13. Nxb6 axb6 14. Qc4 Bd5 15. Qxd5 Qxc7 16. Qb5 Ra5 17. Qb4 Rfa8 18. a3 Ra4 19. Qd2 Rc4 20. e3 Rc2 21. Qd1 Rxb2 22. Rc1 Qd6 23. Nd2 Rxa3 24. Bc4 b5 25. Bb3 Qb4 26. Rc8+ Bf8 27. Bxf7+ Kxf7 28. Qf3+ Nf6 29. Qd1 Rxd2 30. Qxd2 Ra1+ 31. Ke2 Qxd2+ 32. Kxd2 Rxh1 33. h3 Rh2 34. d5 Rxg2 35. Ke2 Rg5 36. Rd8 Nxd5 37. f4 Nc3+ 38. Kf3 Rd5 39. Rc8 b4 40. Rc4 e5 41. fxe5 Rxe5 42. Rf4+ Rf5 0-1